01446 a2200157 45000010006000000050017000060080041000230030015000640400040000790800162001192450058002812640043003393000019003825050867004011000020012684877420260407155753.0260407a1980 arg spa dAR-UNSa-BCEJYS aAR-UNSa-BCEJYSbspacAR-UNSa-BCEJYS a51-7xEstudios y métodos matemáticos en otros campos del conocimiento. Matemáticas científicas. Matemáticas actuariales (Matemáticas Financieras)10aTablas de equivalencias en sistemas de amortización 1aBuenos Aires :bEdiciones Macchic1980 a242 p.c22 cm. aTabla I: Cuotas de pago, tasas mensuales, nominales y efectivas anuales de interés equivalentes, en operaciones de préstamos calculadas mediante tasas directas mensuales, del 0,10% al 10%, variando los valores intermedios con intervalos de 0,10% y plazos de pago de: 1 a 25, 30, 36, 40, 48, 50, 60, 70, 72, 80, 84, 90, 96, 100, 108, 120, 144, 180, 200, 220, y 240 períodos. Tabla II: Cuotas de pago, tasas directas mensuales, tasas mensuales y efectivas anuales de interés equivalentes, en operaciones de préstamos calculadas mediante el sistema francés de amortización, para tasas nominales anuales de interés con capitalización mensual, del 0,50% al 120% variando los valores intermedios con intervalos del 0,50% y plazos de pago de: 1 a 25, 30, 36, 40, 48, 50, 60, 70, 72, 80, 84, 90, 96, 100, 108, 120, 144, 180, 200, 220, y 240 períodos.1 aGroll, Simon A.